| 000 | 00702nam a2200277Ia 4500 | ||
|---|---|---|---|
| 001 | Z_2404 | ||
| 003 | CHAP | ||
| 008 | 220113s1988 xx 000 0 und d | ||
| 010 | _a165460 | ||
| 040 | _cCHAP | ||
| 082 | _a333.0972 M49 | ||
| 100 |
_aMéxico. Leyes, decretos, etc. _9139321 |
||
| 245 |
_aLey federal de reforma agraria / _c |
||
| 260 |
_aMéxico, D : _bF :, _b :, _bPorrúa, _c1988 |
||
| 300 | _a791 p | ||
| 440 |
_aLeyes y códigos de México _966564 |
||
| 503 | _a142700-03 | ||
| 650 |
_a1, Reforma agraria _xMéxico _9139322 |
||
| 650 |
_aReforma agraria _xLeyes _995561 |
||
| 901 | _a333.0972 M49 | ||
| 902 | _aM | ||
| 910 | _a1988 | ||
| 942 | _c1 | ||
| 942 | _cc1 | ||
| 999 |
_c165460 _d165460 |
||